JOURNAL OF MINIMAL ACCESS SURGERY (Record no. 34995)

MARC details
000 -LEADER
fixed length control field 00254nam a22001097a 4500
003 - CONTROL NUMBER IDENTIFIER
control field SGT
245 ## - TITLE STATEMENT
Title JOURNAL OF MINIMAL ACCESS SURGERY
260 ## - PUBLICATION, DISTRIBUTION, ETC. (IMPRINT)
Place of publication, distribution, etc INDIA
Name of publisher, distributor, etc WOLTERS KLUWER
Year of Publication 2018 TO 2020
300 ## - PAGE DESCRIPTION
No. of Pages 364,361,450
942 ## - ADDED ENTRY ELEMENTS (KOHA)
Source of classification or shelving scheme Dewey Decimal Classification
Koha item type Back Volumes
Holdings
Withdrawn status Lost status Source of classification or shelving scheme Damaged status Use restrictions Not for loan Collection code Home library Current library Date acquired Vendor Name Volume Information (Serial or Books or Non-Book Material) SGTU Total Checkouts Accession No. (Barcode) Date last seen Bill Date Koha item type
    Dewey Decimal Classification   Restricted Access Not For Loan MEDICAL SGT Medical Library SGT Medical Library 02/07/2026 ABC DELHI VOL-14 SGTU   PM1232 02/07/2026 02/07/2026 Back Volumes
    Dewey Decimal Classification   Restricted Access Not For Loan MEDICAL SGT Medical Library SGT Medical Library 02/07/2026 ABC DELHI VOL-15 SGTU   PM1233 02/07/2026 02/07/2026 Back Volumes
    Dewey Decimal Classification   Restricted Access Not For Loan MEDICAL SGT Medical Library SGT Medical Library 02/07/2026 ABC DELHI VOL-16 SGTU   PM1234 02/07/2026 02/07/2026 Back Volumes